History Quiz

Random History or Clickable Quiz
Score 0/25 Timer 08:00
1 Play Today
% Correct
Lie
98.6%
Loser
97.5%
Lost
95.3%
Liar
95.2%
Laziness
94.9%
Lunch
94.6%
Liquor
93.9%
Leader
93.3%
Limits
92.4%
Leather
92.4%
Letter
91.9%
Leftovers
90.7%
Learning
90.6%
% Correct
Light
90.1%
Looking
90.1%
Lever
89.5%
Luck
89.5%
Length
86.4%
Life
85.9%
Love
80.5%
Laughter
79.1%
Lecture
78%
Loss
70.9%
Loneliness
63.5%
Learn
61.7%
Remove Ads.
Support Sporcle.
Get the best of Sporcle when you Go Orange. This ad-free experience offers more features, more stats, and more fun while also helping to support Sporcle. Thank you for becoming a member.

You're not logged in!

Compare scores with friends on all Sporcle quizzes.
OR
Log In

Show Comments

Extras

Top Quizzes Today


Score Distribution

Your Account Isn't Verified!

In order to create a playlist on Sporcle, you need to verify the email address you used during registration. Go to your Sporcle Settings to finish the process.

Report this User

Report this user for behavior that violates our Community Guidelines.

Details: